Selected and new poems, 1950-1980 /

Bibliographic Details
Main Author: Miller, Vassar
Other Authors: Bonazzi, Robert
Format: Book
Language:English
Published: Austin, Tex. : Latitudes Press, [1981]

MARC

Tag First Indicator Second Indicator Subfields
LEADER 00000cam a2200000 a 4500
001 in00000085863
005 20151008064327.0
008 820617s1981 txu 00110 eng d
010 |a  74031753  
035 |a (OCoLC)08527628 
035 |9 AAK3970AM 
040 |a TXA  |c TXA  |d UtOrBLW 
049 |a TXAM [Also in] [Wein]  |c 1 [801033], 2 [A09546628] 
090 |a PS3525.I5635  |b S4 
100 1 |a Miller, Vassar. 
245 1 0 |a Selected and new poems, 1950-1980 /  |c Vassar Miller ; edited by Robert Bonazzi ; foreword by Denise Leverton. 
264 1 |a Austin, Tex. :  |b Latitudes Press,  |c [1981] 
264 4 |c ©1981 
300 |a 157 pages ;  |c 23 cm. 
336 |a text  |b txt  |2 rdacontent 
337 |a unmediated  |b n  |2 rdamedia 
338 |a volume  |b nc  |2 rdacarrier 
500 |a Includes index. 
536 |a Poetry browsing collection: gift of Eleanor Weinbaum family. 
700 1 |a Bonazzi, Robert. 
999 |a MARS 
999 f f |s a5b9dcb5-ff38-36bf-b3c0-1e66d00dd35a  |i dfc15aee-c057-3334-af7e-0702fbc49689  |t 0 
952 f f |p ric  |a Texas A&M University  |b Rellis Campus  |c Joint Library Facility  |d Remote Storage  |t 0  |e PS3525.I5635 S4  |h Library of Congress classification  |i unmediated -- volume  |m A14809546628 
998 f f |a PS3525.I5635 S4  |t 0  |l Remote Storage